Estudios referentes al terremoto de Andalucía ocurrido en 25 de diciembre de 1884 y a la constitución geológica del terreno conmovido / (Record no. 53456)

MARC details
000 -LEADER
campo de control de longitud fija 00926nam a2200205 i 4500
001 - NÚMERO DE CONTROL
campo de control 53456
003 - IDENTIFICADOR DE NÚMERO DE CONTROL
campo de control ES-MaACL
005 - FECHA Y HORA DE LA ÚLTIMA TRANSACCIÓN
campo de control 20230906162754.0
007 - CAMPO FIJO DE DESCRIPCIÓN FÍSICA--INFORMACIÓN GENERAL
campo de control de longitud fija t|
008 - DATOS DE LONGITUD FIJA--INFORMACIÓN GENERAL
campo de control de longitud fija 931025m18901893sp af ||||1| spa d
080 ## - NÚMERO DE LA CLASIFICACIÓN DECIMAL UNIVERSAL
Número de la Clasificación Decimal Universal 550.34(468.1)"1884"
245 00 - MENCIÓN DEL TÍTULO
Título Estudios referentes al terremoto de Andalucía ocurrido en 25 de diciembre de 1884 y a la constitución geológica del terreno conmovido /
Mención de responsabilidad, etc. hechos por la Comisión destinada al objeto por la Academia de Ciencias de París ; versión castellana de D.J.E. y C.
260 ## - PUBLICACIÓN, DISTRIBUCIÓN, ETC.
Lugar de publicación, distribución, etc. Madrid :
Nombre del editor, distribuidor, etc. [s.n.],
Fecha de publicación, distribución, etc. 1890-1893 (
Fabricante Imp. y Fundición de Manuel Tello)
300 ## - DESCRIPCIÓN FÍSICA
Extensión VII, 700 p., [31] h. de lám. :
Otras características físicas il. ;
Dimensiones 27 cm.
595 ## -
-- Tirada aparte de: Boletín de la Comisión del mapa geológico.
650 #4 - PUNTO DE ACCESO ADICIONAL DE MATERIA--TÉRMINO DE MATERIA
Término de materia o nombre geográfico como elemento de entrada Terremotos-
Subdivisión geográfica Andalucía-
Subdivisión cronológica S.XIX.
9 (RLIN) 17487
650 #4 - PUNTO DE ACCESO ADICIONAL DE MATERIA--TÉRMINO DE MATERIA
Término de materia o nombre geográfico como elemento de entrada Geología-
Subdivisión geográfica Andalucía.
9 (RLIN) 173517
710 2# - ENTRADA AGREGADA--NOMBRE DE ENTIDAD CORPORATIVA
Nombre de entidad corporativa o nombre de jurisdicción como elemento de entrada Académie des sciences (Francia)
9 (RLIN) 1231
852 ## - LOCALIZACIÓN
Ubicación ES-MaACL
Número de control de estantería F-15052
Holdings
Estatus retirado Estado de pérdida Estado de daño No para préstamo Colección Biblioteca de origen Biblioteca actual Ubicación en estantería Fecha de adquisición Fuente de adquisición Total de préstamos Signatura topográfica completa Código de barras Visto por última vez Precio de reemplazo Tipo de ítem Koha
        Libros del s. XIX Biblioteca del Ateneo de Madrid Biblioteca del Ateneo de Madrid Sala Pecera Planta 2 17/01/2008     F-15052 1056171 23/02/2023 23/02/2023 Libro impreso antiguo